New Headway Plus. Elementary. Class audio CDs / (Record no. 8075)
[ view plain ]
| 000 -LEADER | |
|---|---|
| fixed length control field | 00901nac a22002051u 4500 |
| 008 - FIXED-LENGTH DATA ELEMENTS--GENERAL INFORMATION | |
| fixed length control field | 101014t xxu||||| |||| 00| 0 eng d |
| 020 ## - INTERNATIONAL STANDARD BOOK NUMBER | |
| International Standard Book Number | 0194715639 |
| 020 ## - INTERNATIONAL STANDARD BOOK NUMBER | |
| International Standard Book Number | 9780194715638 |
| 082 ## - DEWEY DECIMAL CLASSIFICATION NUMBER | |
| Classification number | 428.24 |
| Item number | LIZ |
| 100 ## - MAIN ENTRY--PERSONAL NAME | |
| Personal name | Soars, Liz. |
| 9 (RLIN) | 13897 |
| 245 ## - TITLE STATEMENT | |
| Title | New Headway Plus. Elementary. Class audio CDs / |
| Statement of responsibility, etc | Liz, John Soars |
| 260 ## - PUBLICATION, DISTRIBUTION, ETC. (IMPRINT) | |
| Place of publication, distribution, etc | Oxford: |
| Name of publisher, distributor, etc | Oxford University Press,c2006 |
| Date of publication, distribution, etc | c2006 |
| 300 ## - PHYSICAL DESCRIPTION | |
| Extent | 2 sound discs (123 min., 15 sec.) : |
| Other physical details | digital, stereo. ; |
| Dimensions | 4 3/4 in. |
| 511 ## - PARTICIPANT OR PERFORMER NOTE | |
| Participant or performer note | Catalogued by: Sara |
| 650 ## - SUBJECT ADDED ENTRY--TOPICAL TERM | |
| Topical term or geographic name as entry element | English language |
| General subdivision | Textbooks for foreign speakers |
| 9 (RLIN) | 20424 |
| 650 ## - SUBJECT ADDED ENTRY--TOPICAL TERM | |
| Topical term or geographic name as entry element | English language |
| General subdivision | Grammar -- Problems, exercises |
| 9 (RLIN) | 20425 |
| 700 ## - ADDED ENTRY--PERSONAL NAME | |
| Personal name | Soars, John |
| 9 (RLIN) | 20426 |
| 942 ## - ADDED ENTRY ELEMENTS (KOHA) | |
| Item type | |
| Call number prefix | 428.24 SOA |
| Source of classification or shelving scheme | Dewey Decimal Classification |
| Withdrawn status | Lost status | Source of classification or shelving scheme | Damaged status | Not for loan | Location (home branch) | Sublocation or collection (holding branch) | Shelving location | Date acquired | Source of acquisition | Koha issues (times borrowed) | Koha renewals | Koha full call number | Piece designation (barcode) | Koha out on loan | Koha date last seen | Koha date last borrowed | Price effective from | Koha item type | Public note |
|---|---|---|---|---|---|---|---|---|---|---|---|---|---|---|---|---|---|---|---|
| Dewey Decimal Classification | Central Library | Central Library | Second Floor | 14/10/2010 | 1 | 12 | 428.24 SOA | 000009832 | 01/01/2020 | 25/01/2009 | 25/01/2009 | 21/02/2008 | CD | DVD - (NB) | 2 Audio CDs |